000 00977nam a2200253Ia 4500
003 OSt
005 20220923224706.0
006 a|||||r|||| 00| 0
007 ta
008 220922b |||||||| |||| 00| 0 hin d
024 _a248,850
037 _cTextual
040 _aARTS
_cARTS
_bhin
041 _2hin
_ahin
082 _aO152:gN, M3
100 _aखण्डेलवाल, रामेश्वर लाल
245 0 _aसमीक्षा के वातायन
_b आलोचनात्मक लेखों का संग्रह
246 _aSamīkṣhā ke vātāyana: ālochanātmak lekhoan kā sangraha
260 _aकरनाल
_b नटराज पब्लिशिंग हाउस
_c1983
300 _a160पृ.
_ccm.
650 _aहिन्दी साहित्य
_9156264
942 _hO152:gN, M3
_cTEXL
_2CC
999 _c373008
_d373008